000 00216 a2200097 4500
001 13688
100 _aNapoleon
245 _aThe mind of Napoleon
260 _aNew York
_bColumbia University
_c
090 _c10682
_d10682
942 _aNUST-CAE
_cM
_c761
999 _c248761
_d248761